| 000 | 00520nam a2200181 a 4500 | ||
|---|---|---|---|
| 001 | 3902 | ||
| 005 | 20140414131935.0 | ||
| 008 | 040602s19uu xx 00 eng d | ||
| 020 | _a0-8094-4837-8 | ||
| 050 |
_aREF 609 _bC54 2004 |
||
| 245 |
_aInventions and discoveries / _ceditor C. E. Berry. |
||
| 260 |
_aHong Kong : _bTime-Life Books, _c1994. |
||
| 300 | _a87 p. : ill., col. ; cm. | ||
| 440 | _aA Child's first library of learning | ||
| 650 | _aInventions | ||
| 650 | _aQuestions and answers. | ||
| 999 |
_c112408 _d112408 |
||